000 00219nam a22000857a 4500
999 _c11829
_d11829
008 200227b ||||| |||| 00| 0 eng d
020 _a9780399209376
100 _aDepaola Tomie
_97441
245 _aThe Legend of the Bluebonnet